00982nam a2200277 a 4500001001500000003000900015005001700024008004100041040002800082041000800110050002300118245007200141246001900213260004400232300001700276500002900293526000800322590003500330650004100365650002800406700003200434710002800466942001200494952018100506999001700687BD-DhNSU-30970BD-DhNSU20260422124823.0260422s1986 bg ||||g vw|| 001 0|eng d aDLCcBD-DhNSUdBD-DhNSU aeng00aKNG19b.A2B36 198600aBangladesh legal decisions ,nVol. 6/cedited by Kazi Ebadul Hoque. aBLDbVolume VI aDhaka :bBangladesh Bar Council,c1986. avp ;c25 cm. aDec- 86 Reg. No. DA. 513 aLaw aSumaiya Kainat Bintey Kohinoor 0aLaw reports digests etczBangladesh. 4aLaw reports digests etc1 aHoque, Kazi Ebadul eeditor aBangladesh Bar Council. 2lcccBK 00102lcc40718REFaLCRbLCRcGENd2026-04-08eKarim InternationalfBDTg1116.00hvol-6iKI/NSU/L-77/25-26l0oKNG19.A2B36 1986p49257r2026-04-22 12:46:58t1w2026-03-09yBK c30970d30970